| 000 | 004400000a22001810004500 | ||
|---|---|---|---|
| 001 | 2124 | ||
| 003 | CO-MdFUSB | ||
| 005 | 20170522180423.0 | ||
| 008 | 170522b xxu||||| |||| 00| 0 eng d | ||
| 040 | _cCO-MdBIC | ||
| 082 | 0 | 4 | _a863C C814c |
| 110 | 1 | _aCornare | |
| 245 | 1 | 0 | _a13 concurso infantil de cuento ecológico 2001 / Cornare |
| 260 | _aMedellín : Cornare | ||
| 300 | _a100 P. | ||
| 650 | 1 | 4 | _aCuentos Infantiles |
| 942 | _cLGB | ||
| 999 |
_c49271 _d49271 |
||